Estudios jurídicos en memoria de José María Lidón, Catedrático de Derecho Penal de la Universidad de Deusto, Magistrado de la Audiencia Provincial de Bizkaia /

Bibliographic Details
Other Authors: Lidón, José María, 1951-2001, Echano Basaldúa, Juan I.
Format: Electronic eBook
Language:Spanish
Basque
Published: Bilbao : Universidad de Deusto, 2002.
Series:Serie Homenajes (Bilbao, Spain)
Subjects:
Online Access:Digitalia Hispánica

MARC

LEADER 00000nam a2200000Ii 4500
001 DIGDEU1400
003 NyNyDIG
006 m o d
007 cr |||||||||||
008 130501s2002 sp c ob 010 0 spa d
020 |a 9788498309782  |q (eBook) 
020 |a 8474858399  
020 |a 9788474858396 
035 |a (OCoLC)868912644 
040 |a DGITA  |b eng  |e pn  |c DGITA 
041 |a spa  |a baq 
043 |a e-sp--- 
050 1 4 |a K561 eBook 
245 0 0 |a Estudios jurídicos en memoria de José María Lidón, Catedrático de Derecho Penal de la Universidad de Deusto, Magistrado de la Audiencia Provincial de Bizkaia /   |c edición a cargo del Area de Derecho Penal, Juan I. Echano Basaldúa (coord.) 
264 1 |a Bilbao :  |b Universidad de Deusto,  |c 2002. 
300 |a 1 online resource (1375 pages) :  |b 1 port.  
336 |a text  |b txt  |2 rdacontent 
337 |a computer  |b c  |2 rdamedia 
338 |a online resource  |b cr  |2 rdacarrier 
490 1 |a Serie Homenajes. 
500 |a Collected essays. 
504 |a Includes bibliographical references. 
546 |a Spanish with one contribution in Basque. 
600 1 0 |a Lidón, José María,  |d 1951-2001 
650 0 |a Law  |z Spain. 
650 0 |a Criminal law  |z Spain. 
655 0 |a Electronic books. 
700 1 |a Lidón, José María,  |d 1951-2001 
700 1 |a Echano Basaldúa, Juan I. 
791 2 |a Digitalia (Firm),  |e distributor. 
830 0 |a Serie Homenajes (Bilbao, Spain) 
793 0 |g Digitalia eBook Collection:  |a Universidad de Deusto. 
856 4 0 |3 Digitalia Hispánica  |u https://www.digitaliapublishing.com/a/17530/ 
910 |a Premium Collection: 2007-2012